| 000 | 00604cam a22001817a 4500 | ||
|---|---|---|---|
| 008 | 180718b2004 xxu||||| |||| 00| 0 eng d | ||
| 020 | _a082135759X | ||
| 082 | _aI5371 G451 | ||
| 100 | _aGlaessner, Thomas C. | ||
| 245 |
_aElectricity safety and soundness: securing finance in a new age _cby Thomas C. Glaessner, Tom Kellermann and Valerie McNevin |
||
| 260 |
_aWashington, D.C. _bWorld Bank _c2004 |
||
| 300 | _a174p. | ||
| 440 | _aWorld Bank working paper; no. 26 | ||
| 650 | _aElectronic security systems | ||
| 650 | _aElectronic noise | ||
| 700 | _aMcNevin, Valerie | ||
| 700 | _aKellermann, Tom | ||
| 999 |
_c290431 _d290431 |
||